书目信息 |
| 题名: |
体系积累周期视野下的中国与世界
|
|
| 作者: | 李博 著 | |
| 分册: | ||
| 出版信息: | 北京 中央编译出版社 2016 |
|
| 页数: | 246页 | |
| 开本: | 24cm | |
| 丛书名: | ||
| 单 册: | ||
| 中图分类: | F034 , F037.1 | |
| 科图分类: | ||
| 主题词: | 资本积累--经济周期理论--研究 | |
| 电子资源: | ||
| ISBN: | 978-7-5117-3012-1 | |
| 000 | 01090nam0 2200265 450 | |
| 001 | 012001003665 | |
| 005 | 20140926114741.0 | |
| 010 | @a978-7-5117-3012-1@dCNY48.00 | |
| 100 | @a20160923d2016 em y0chiy50 ea | |
| 101 | 0 | @achi |
| 102 | @aCN@b110000 | |
| 105 | @ay z 000yy | |
| 106 | @ar | |
| 200 | 1 | @a体系积累周期视野下的中国与世界@9ti xi ji lei zhou qi shi ye xia de zhong guo yu shi jie@e历史及其延续@f李博著 |
| 210 | @a北京@c中央编译出版社@d2016 | |
| 215 | @a246页@d24cm | |
| 314 | @a李博 (1980-),男,重庆人。西南财经大学经济学博士,现为攀枝花学院经济与管理学院讲师,主要从事政治经济学理论研究。在《经济理论与经济管理》《当代经济研究》等核心学术刊物发表多篇学术论文。 | |
| 330 | @a本书以2007年因次贷危机而引发的全球经济、金融危机为切入点,以体系积累周期为中心对资本主义世界体系发展的历史进程及当下的危机展开深入的剖析。 | |
| 517 | 1 | @a历史及其延续@9li shi ji qi yan xu |
| 606 | 0 | @a资本积累@x经济周期理论@x研究 |
| 690 | @aF034@v5 | |
| 690 | @aF037.1@v5 | |
| 701 | 0 | @a李博@9li bo@f(1980-)@4著 |
| 801 | 0 | @aCN@b上海新华@c20180901 |
| 905 | @b1163337-41@dF034@e66@f5 | |
| 体系积累周期视野下的中国与世界:历史及其延续/李博著.-北京:中央编译出版社,2016 |
| 246页;24cm |
| ISBN 978-7-5117-3012-1:CNY48.00 |
| 本书以2007年因次贷危机而引发的全球经济、金融危机为切入点,以体系积累周期为中心对资本主义世界体系发展的历史进程及当下的危机展开深入的剖析。 |
| ● |
| 相关链接 |
|
|
|
|
正题名:体系积累周期视野下的中国与世界
索取号:F034/66
 
预约/预借
| 序号 | 登录号 | 条形码 | 馆藏地/架位号 | 状态 | 备注 |
| 1 | 1163337 | 211633375 | 第一样本阅览室/ [索取号:F034/66] | 在馆 | |
| 2 | 1163338 | 211633384 | 第一借阅区/ [索取号:F034/66] | 在馆 | |
| 3 | 1163339 | 211633393 | 第一借阅区/ [索取号:F034/66] | 在馆 | |
| 4 | 1163340 | 211633400 | 密集书库-海洋学院/ [索取号:F034/66] | 在馆 | |
| 5 | 1163341 | 211633419 | 第一借阅区/ [索取号:F034/66] | 在馆 |